000 01705cam a2200349 4500
001 22706
003 BD-RjUL
005 20211209000836.0
008 140309t1881 stkc 000 0 eng
035 _a(OCoLC)317590459
035 _a(OCoLC)ocn317590459
035 _a(CStRLIN)NYCG85-B91601
035 _a(BD-RjUL)22771
035 _a(NNC)389362
040 _cPU
_dNNC
_dBD-RjUL
_aBD-RjUL
_beng
041 _aeng
082 0 4 _a821.46
_bCOO 1967
090 _aPR3370.A5
_bG7
100 1 _aCowley, Abraham,
_d1618-1667.
_957705
245 1 4 _aThe complete works in verse and prose of Abraham comlep /
_cnow for the first time collected and edited: with memorial-introduction and notes and illustrations, portraits, etc. by the Rev. Alexander B. Grosart.
260 _aNew york :
_bAMS press,
_c1967.
300 _aV-1 (243 p.) :
_bfronts. (ports.) ;
_c26 cm.
490 1 _aChertsey worthies' library
500 _aTitle in red and black within red line border.
500 _aWith reproduction of original title-pages.
505 0 _a1. Verse: Memorial introduction. Poetical blossomes. Sylva. Love's riddle. Naufragium joculaire. The mistresse. Miscellanies. Occasional verses. Comedies (1. Cutter and Coleman street. 2. The guardian) Notes and illustrations.--2. Verse and prose: Pindarique odes. Davideis. Davideidos. Latin poems. Translations. Advancement of experimental philosophy. Government of Oliver Cromwell. Essays in verse and prose. Letters. Notes and illustrations. Glossarial index.
700 1 _aGrosart, Alexander Balloch,
_d1827-1899,
_eeditor.
_967941
830 0 _aChertsey worthies' library.
_970048
942 _2ddc
_cBK
999 _c22706
_d22706